1611 1664 1447 1767 1079 1748 1914 1589 1053 1942 1281 1285 1398 1920 1400 1724 1647 1886 1040 1549 1872 1121 1859 1291 1333 1596 1190 1596 1087 1959 1962 1498 1070 1702 1036 1231 1548 1694 1062 1318 1217 1009 1795 1996 1120 1369 1636 1691 1252 1817 1643 1196 1401 1597 1874 1860 1830 1498 1474 1507 1448 1678 1745 1790 1761 1284 1655 1596 1370 1520 1108 1335 1248 1564 1327 1318 1948 1858 1364 1688 1254 1530 1452 1967 1318 1066 1865 1365 1234 1835 2000 1336 1148 1639 1842 1639 1298 1006 1294 BCNSPRNW ULIB Ver.6.0+V

เปลี่ยนเป็นภาษาไทย

Change to English
 แสดงรายละเอียดบรรณานุกรม
  กลับหน้าหลัก

Brief Record : Get Marc (ISO 2709) : E-mail record : QR code < ปิดหน้าต่าง
LEADER : 00000nam 2200000uu 4500
001    13399112263
003     ULIB
008    110802s2547||||th 000 0 tha d
020    9745279072
050  4 HD37^bศ644อ 2547
100 0  ศิริอร ขันธหัตถ์
245 10 องค์การและการจัดการ /^cศิริอร ขันธหัตถ์
250    พิมพ์ครั้งที่ 7
260    [กาญจนบุรี] :^bคณะวิทยาการจัดการ สถาบันราชภัฏกาญจนบุรี,^c2547
300    (ก-ค), 307 หน้า :^bภาพประกอบ ;^c29 ซม.
650  4 การจัดองค์การ
650  4 การบริหาร
650  4 การบริหารคุณภาพโดยรวม
650  4 องค์การ
710 2  สถาบันราชภัฏกาญจนบุรี. ^bคณะวิทยาการจัดการ
945    ^p130^l0^i017187
995    ทศพร
999 ^a ทศพร
รายการนี้ยังไม่มีแท็ก
คุณยังไม่ได้ล็อกอิน คุณสามารถมีกิจกรรมร่วมกับเว็บไซต์ได้ แต่ต้องล็อกอินก่อน ::
  ล็อกอิน

รายการสื่อสารสนเทศ

ลำดับที่ ประเภท เลขเรียก/บาร์โค้ด สถานที่ สถานะ
- ไม่พบข้อมูล -

รายการใกล้เคียง
    หัวเรื่อง [การจัดองค์การ]
    หัวเรื่อง [การบริหาร]
    หัวเรื่อง [การบริหารคุณภาพโดยรวม]
    หัวเรื่อง [องค์การ]

BibComment


ยังไม่เคยถูกคอมเมนท์

คอมเมนท์ทรัพยากรรายการนี้
  คอมเมนท์: องค์การและการจัดก..


 Copyright 2026. Bcnsprnw @Library